Malá optimalizácia : metódy, programy, príklady /
Uložené v:
| Hlavný autor: | |
|---|---|
| Médium: | Kniha |
| Jazyk: | Slovak |
| Vydané: |
Bratislava :
Alfa,
1990
|
| Vydanie: | 1. vyd. |
| Edícia: | Edícia matematicko-fyzikálnej literatúry
|
| Témy: | |
| ISBN: |
8005007701 (brož.) |
| Fyzický popis: |
244 s. |
| Tagy: |
Pridať tag
Žiadne tagy, Buďte prvý kto otaguje tento záznam!
|
Titul je dostupný aj v ... 

MARC
| LEADER | 00000nam a2200000 a 4500 | ||
|---|---|---|---|
| 001 | 000014036 | ||
| 005 | 20051222130330.0 | ||
| 008 | 050803s1990 xo e 000 0 sloo | ||
| 020 | |a 8005007701 (brož.) | ||
| 040 | |a SVKKK |b slo |c SVKKK |e AACR2 | ||
| 041 | 0 | |a slo | |
| 044 | |a xo |c SK | ||
| 072 | 7 | |a 66 |x Chemický priemysel. Chemická technológia |2 konspekt | |
| 080 | |a 66.011 |2 1997 | ||
| 080 | |a 66 |2 1997 | ||
| 080 | |a 004.4 |2 1997 | ||
| 080 | |a 519.8 |2 1997 | ||
| 080 | |a (035) |2 1997 | ||
| 100 | 1 | |a Brunovská, Alena |4 aut | |
| 245 | 1 | 0 | |a Malá optimalizácia : |b metódy, programy, príklady / |c Alena Brunovská |
| 250 | |a 1. vyd. | ||
| 260 | |a Bratislava : |b Alfa, |c 1990 | ||
| 300 | |a 244 s. | ||
| 440 | 0 | |a Edícia matematicko-fyzikálnej literatúry | |
| 650 | 0 | 7 | |a optimalizácia |2 SVKKKPH |
| 650 | 0 | 7 | |a chemická technológia |2 SVKKKPH |
| 650 | 0 | 7 | |a počítačové programy |2 SVKKKPH |
| 655 | 7 | |a príručky |2 SVKKKPH | |
| 919 | |a 80-05-00770-1 | ||
| 998 | |a BK | ||
| 090 | |g SCKHL |k Sklad Pribinova 2. posch. |a II.346054 |j 840852 |i 2720213346 |s Absenčne | ||